LEADER 01181nam--2200397---450- 001 990001217420203316 005 20050223130054.0 035 $a000121742 035 $aUSA01000121742 035 $a(ALEPH)000121742USA01 035 $a000121742 100 $a20031024d1982----km-y0itay0103----ba 101 0 $aeng 102 $aUK 105 $a||||||||001yy 200 1 $aAnglo-american cataloguin rules$eprepared by the American library association$gedited by Michael Gorman & Paul W. Winkler 205 $a2. ed 210 $aLondon$cLibrary Association$d1982 215 $aXVII, 620 p.$d24 cm 410 0$12001 454 1$12001 461 1$1001-------$12001 606 0 $aCatalogazione$xRegole anglo-americane 676 $a025.32 702 1$aGORMAN,$bMichael 702 1$aWINKLER,$bPaul W. 801 0$aIT$bsalbc$gISBD 912 $a990001217420203316 951 $aI.2.C. 71(XIII D 76)$b21391 L.M.$cXIII 959 $aBK 969 $aUMA 979 $aSIAV1$b10$c20031024$lUSA01$h1003 979 $aPATRY$b90$c20040406$lUSA01$h1727 979 $aCOPAT3$b90$c20050223$lUSA01$h1300 996 $aAnglo-american cataloguin rules$9984175 997 $aUNISA LEADER 01870nam 2200385 450 001 9910148830703321 005 20221226142835.0 010 $a3-318-04345-1 035 $a(CKB)3780000000102397 035 $a(NjHacI)993780000000102397 035 $a(EXLCZ)993780000000102397 100 $a20221226d1894 uy 0 101 0 $aeng 135 $aur||||||||||| 181 $ctxt$2rdacontent 182 $cc$2rdamedia 183 $acr$2rdacarrier 200 10$aAtlas of the human brain and the course of the nerve-fibres /$fEdward Flatau ; with a preface by Prof. E. Mendel ; translated by W. M. Nathan and John H. Carslaw 210 1$aBerlin :$cS. Karger AG,$d1894. 215 $a1 online resource (viii, 26 pages) $cillustrations 311 $a3-318-02820-7 330 $aA Karger 'Publishing Highlights 1890-2015' title This atlas appeared simultaneously in English , German , French as well as Russian and a year later also in Polish. As E. Mendel states in the preface: 'The ever-increasing importance of the anatomy of the brain, to physiology and pathology as well as to the treatment of cerebral diseases, renders it all the more necessary to have good illustrations of the brain surface and of sections through it. [The plates published here] should suffice to serve all practical purposes; and the annexed diagram of the course of the nerve-fibres seems specially well adapted for easy localisation. ...' 606 $aBrain$xAnatomy$vAtlases 615 0$aBrain$xAnatomy 676 $a611.81 700 $aFlatau$b Edward$f1869-1932,$01271837 702 $aMendel$b E.$f1839-1907, 702 $aNathan$b W. M. 702 $aCarslaw$b John H. 801 0$bNjHacI 801 1$bNjHacl 906 $aBOOK 912 $a9910148830703321 996 $aAtlas of the human brain and the course of the nerve-fibres$92996040 997 $aUNINA